[Event "NRW Class2 1718"]
[Site "Germany"]
[Date "2018.01.28"]
[Round "5.7"]
[White "Kutzner, Stephen"]
[Black "Seepe, Udo"]
[Result "0-1"]
[WhiteElo "2064"]
[BlackElo "2046"]
[PlyCount "122"]
[EventDate "2017.09.17"]
[EventType "team-tourn"]
[EventRounds "9"]
[EventCountry "GER"]
[SourceTitle "EXT 2019"]
[Source "ChessBase"]
[SourceDate "2018.10.10"]
[SourceVersion "1"]
[SourceVersionDate "2018.10.10"]
[SourceQuality "1"]
[WhiteTeam "Godesberg"]
[BlackTeam "Kamen"]
[WhiteTeamCountry "GER"]
[BlackTeamCountry "GER"]

1. d4 d5 2. c4 c6 3. Nf3 Nf6 4. Nc3 a6 5. e3 g6 6. Qc2 Bg7 7. Bd3 0-0 8. 0-0 b5 9. b3 Re8 10. Ne5 Ng4 11. Nxg4 Bxg4 12. cxd5 cxd5 13. Nxd5 Ra7 14. Qc5 Rd7 15. Nb4 e5 16. h3 Be6 17. Nc6 Nxc6 18. Qxc6 Rd6 19. Qc2 Qd7 20. Ba3 Rc6 21. Qe2 exd4 22. Rad1 Bxh3 23. gxh3 Qxh3 24. f3 Bh6 25. Qh2 Bxe3+ 26. Kh1 Qc8 27. Kg2 Rf6 28. Rh1 h5 29. Rhe1 b4 30. Bc1 Qb7 31. Qh3 Re5 32. Bxe3 dxe3 33. Be4 Rxe4 34. fxe4 Qxe4+ 35. Kg1 Rf3 36. Qh2 h4 37. Re2 Rg3+ 38. Rg2 e2 39. Re1 Qe3+ 40. Kh1 Rh3 41. Rexe2 Rxh2+ 42. Kxh2 Qf4+ 43. Kh3 g5 44. Ref2 Qe3+ 45. Kg4 Kg7 46. Re2 Qf4+ 47. Kh3 Kg6 48. Ref2 Qe3+ 49. Kh2 f5 50. Rc2 Qf4+ 51. Kg1 Qd4+ 52. Kh2 Qd6+ 53. Kh1 g4 54. Rgd2 Qe6 55. Re2 Qd5+ 56. Kg1 Qd4+ 57. Kh1 Kg5 58. Rcd2 Qa1+ 59. Kg2 Qc3 60. Rf2 h3+ 61. Kg1 g3 0-1

[Event "NRW Class2 1718"]
[Site "Germany"]
[Date "2017.12.17"]
[Round "4.7"]
[White "Seepe, Udo"]
[Black "Darwisch, Khaled"]
[Result "1-0"]
[WhiteElo "2046"]
[BlackElo "2078"]
[PlyCount "187"]
[EventDate "2017.09.17"]
[EventType "team-tourn"]
[EventRounds "9"]
[EventCountry "GER"]
[SourceTitle "EXT 2019"]
[Source "ChessBase"]
[SourceDate "2018.10.10"]
[SourceVersion "1"]
[SourceVersionDate "2018.10.10"]
[SourceQuality "1"]
[WhiteTeam "Kamen"]
[BlackTeam "Suedlohn"]
[WhiteTeamCountry "GER"]
[BlackTeamCountry "GER"]

1. Nf3 d6 2. d4 g6 3. g3 Bg7 4. Bg2 Nf6 5. 0-0 0-0 6. a4 Nbd7 7. a5 a6 8. Na3 e5 9. dxe5 dxe5 10. Nc4 Qe7 11. b3 Rd8 12. Ba3 Qe8 13. Nfd2 Nf8 14. e4 Ne6 15. c3 Ng5 16. Qe2 Bh3 17. Rfd1 Bxg2 18. Kxg2 Qe6 19. f3 Nh5 20. Nf1 f5 21. h4 Nf7 22. Rxd8+ Rxd8 23. Rd1 Re8 24. Bc1 h6 25. b4 g5 26. hxg5 hxg5 27. exf5 Qxf5 28. Nfe3 Qg6 29. Nd2 Nd6 30. Nec4 e4 31. Nxd6 exf3+ 32. Qxf3 cxd6 33. Nc4 g4 34. Qd5+ Kh7 35. Be3 Be5 36. Bf2 Qf5 37. Ne3 Qg6 38. Qxb7+ Kg8 39. Qd7 Qe4+ 40. Kg1 Nf6 41. Qf5 Qxf5 42. Nxf5 Ne4 43. Nh6+ Kh7 44. Nxg4 Bxc3 45. Be1 Rg8 46. Bxc3 Rxg4 47. Be1 Nxg3 48. Bxg3 Rxg3+ 49. Kf2 Rb3 50. Rxd6 Rxb4 51. Rxa6 Kg7 52. Ke3 Kf7 53. Kd3 Ke7 54. Kc3 Ra4 55. Kb3 Ra1 56. Kb4 Kd7 57. Rh6 Kc7 58. Kb5 Rb1+ 59. Ka6 Rb2 60. Rh7+ Kb8 61. Rh6 Rb1 62. Rh8+ Kc7 63. Ka7 Rb7+ 64. Ka8 Rb5 65. a6 Rb6 66. Ka7 Rb2 67. Rh3 Rb1 68. Rc3+ Kd7 69. Rc4 Rb2 70. Ka8 Rb6 71. Ka7 Rb2 72. Rg4 Kc7 73. Rg7+ Kc8 74. Rb7 Ra2 75. Rb5 Kc7 76. Rc5+ Kd6 77. Rb5 Kc7 78. Rh5 Rb2 79. Rh7+ Kc8 80. Rh8+ Kc7 81. Ka8 Ra2 82. Rh7+ Kc8 83. a7 Rb2 84. Rh8+ Kc7 85. Rb8 Ra2 86. Rb7+ Kc8 87. Rb5 Kc7 88. Rb4 Ra1 89. Rb3 Ra2 90. Rc3+ Kd8 91. Kb7 Rb2+ 92. Kc6 Ra2 93. Rh3 Rc2+ 94. Kd5 1-0

[Event "NRW Class2 1617"]
[Site "Germany"]
[Date "2016.12.11"]
[Round "4.7"]
[White "Seepe, Udo"]
[Black "Doehner, Hans Juergen"]
[Result "1-0"]
[WhiteElo "2172"]
[BlackElo "2102"]
[PlyCount "111"]
[EventDate "2016.09.25"]
[EventType "team-tourn"]
[EventRounds "9"]
[EventCountry "GER"]
[SourceTitle "EXT 2023"]
[Source "ChessBase"]
[SourceDate "2022.10.05"]
[SourceVersion "1"]
[SourceVersionDate "2022.10.05"]
[SourceQuality "1"]
[WhiteTeam "Kamen SV"]
[BlackTeam "Siegen"]
[WhiteTeamCountry "GER"]
[BlackTeamCountry "GER"]

1. Nf3 Nf6 2. b3 d5 3. Bb2 e6 4. e3 Be7 5. d4 c5 6. Nbd2 0-0 7. Bd3 b6 8. 0-0 Bb7 9. Ne5 Ne4 10. f4 f6 11. Nef3 Nd7 12. c4 f5 13. Qe2 Rc8 14. Rac1 Ndf6 15. Ne5 Bd6 16. Rfd1 Bxe5 17. dxe5 Nd7 18. cxd5 Bxd5 19. Nxe4 fxe4 20. Bc4 Nb8 21. Bxd5 exd5 22. Qd2 Nc6 23. Qxd5+ Qxd5 24. Rxd5 Nb4 25. Rd7 Nd3 26. Rc2 Rf7 27. Rxf7 Kxf7 28. Bc3 Ke6 29. g4 g6 30. h4 a5 31. a4 c4 32. Bd4 Kd5 33. Rxc4 Nc5 34. Bxc5 bxc5 35. Kf2 Rb8 36. Rc3 Rb4 37. Ke2 Rb7 38. Kd2 h6 39. Kc2 Rc7 40. Kb2 g5 41. hxg5 hxg5 42. Rc1 gxf4 43. exf4 e3 44. e6 Rg7 45. Re1 Kxe6 46. Rxe3+ Kd5 47. g5 Kd4 48. Re6 Kd5 49. Rf6 Re7 50. g6 Re2+ 51. Kc3 Re3+ 52. Kc2 Rg3 53. Rf5+ Kd4 54. Rg5 Rc3+ 55. Kb2 Rf3 56. g7 1-0

[Event "NRW Class2 1617"]
[Site "Germany"]
[Date "2016.10.23"]
[Round "2.7"]
[White "Eggenstein, Frank"]
[Black "Seepe, Udo"]
[Result "1/2-1/2"]
[WhiteElo "2077"]
[BlackElo "2172"]
[PlyCount "127"]
[EventDate "2016.09.25"]
[EventType "team-tourn"]
[EventRounds "9"]
[EventCountry "GER"]
[SourceTitle "EXT 2023"]
[Source "ChessBase"]
[SourceDate "2022.10.05"]
[SourceVersion "1"]
[SourceVersionDate "2022.10.05"]
[SourceQuality "1"]
[WhiteTeam "Erkenschwick"]
[BlackTeam "Kamen SV"]
[WhiteTeamCountry "GER"]
[BlackTeamCountry "GER"]

1. e4 c5 2. Nf3 e6 3. c3 Nf6 4. d3 d5 5. e5 Nfd7 6. d4 Nc6 7. a3 f6 8. exf6 Nxf6 9. Bd3 Bd6 10. 0-0 0-0 11. Re1 Qc7 12. h3 Bd7 13. Nbd2 Rae8 14. Bc2 Kh8 15. Bb3 b6 16. Bc2 Re7 17. b3 Be8 18. Bb2 Bf7 19. Qb1 Bg8 20. Qa2 cxd4 21. cxd4 Nb4 22. axb4 Qxc2 23. Rac1 Qf5 24. b5 Ne4 25. Rf1 Nxd2 26. Nxd2 Qd3 27. Rcd1 Qxb5 28. Nf3 Bf7 29. Rde1 Bh5 30. Re3 Bxf3 31. gxf3 Qe8 32. Ba3 Qg6+ 33. Kh1 Bxa3 34. Qxa3 Ref7 35. Rg1 Qh5 36. Rg3 Rxf3 37. Rexf3 Rxf3 38. Qxa7 Qf7 39. Qxb6 Rxf2 40. Qd8+ Qf8 41. Qxf8+ Rxf8 42. Kg2 Kg8 43. Re3 Rf6 44. b4 Kf8 45. b5 Ke8 46. b6 Kd8 47. Rc3 Rf7 48. Rc6 Rb7 49. Rxe6 Kd7 50. Re5 Kd6 51. Rh5 g6 52. Rh4 Rf7 53. Kg3 Kc6 54. Rf4 Rxf4 55. Kxf4 Kxb6 56. Kg5 Kb5 57. Kh6 Kc4 58. Kxh7 Kxd4 59. Kxg6 Ke4 60. h4 d4 61. h5 d3 62. h6 d2 63. h7 d1Q 64. h8Q 1/2-1/2

[Event "NRW Class2 1617"]
[Site "Germany"]
[Date "2016.09.25"]
[Round "1.7"]
[White "Seepe, Udo"]
[Black "Van Lanen, Antoon"]
[Result "1/2-1/2"]
[WhiteElo "2172"]
[BlackElo "2114"]
[PlyCount "60"]
[EventDate "2016.09.25"]
[EventType "team-tourn"]
[EventRounds "9"]
[EventCountry "GER"]
[SourceTitle "EXT 2023"]
[Source "ChessBase"]
[SourceDate "2022.10.05"]
[SourceVersion "1"]
[SourceVersionDate "2022.10.05"]
[SourceQuality "1"]
[WhiteTeam "Kamen SV"]
[BlackTeam "Gerresheim"]
[WhiteTeamCountry "GER"]
[BlackTeamCountry "GER"]

1. Nf3 d5 2. d4 c5 3. c4 e6 4. cxd5 exd5 5. Nc3 Nc6 6. g3 Nf6 7. Bg2 Be7 8. 0-0 0-0 9. dxc5 Bxc5 10. Bg5 d4 11. Bxf6 Qxf6 12. Ne4 Qe7 13. Nxc5 Qxc5 14. Ne1 Re8 15. Nd3 Qb6 16. Qd2 Bf5 17. Nf4 Be4 18. Rac1 Bxg2 19. Kxg2 Re5 20. h4 Rae8 21. Rc4 h6 22. b4 Qb5 23. Rfc1 g5 24. hxg5 hxg5 25. Nh5 R8e6 26. Rc5 Qxb4 27. Qxb4 Nxb4 28. Rc8+ Kh7 29. Rh1 Rxe2 30. g4 Re7 1/2-1/2

[Event "NRW Class1 1516"]
[Site "Germany"]
[Date "2016.03.06"]
[Round "7.8"]
[White "Seepe, Udo"]
[Black "El Mali, Naufel"]
[Result "1/2-1/2"]
[WhiteElo "2042"]
[BlackElo "2094"]
[PlyCount "23"]
[EventDate "2015.09.27"]
[EventType "team-tourn"]
[EventRounds "9"]
[EventCountry "GER"]
[SourceTitle "EXT 2017"]
[Source "ChessBase"]
[SourceDate "2016.10.25"]
[SourceVersion "1"]
[SourceVersionDate "2016.10.25"]
[SourceQuality "1"]
[WhiteTeam "Kamen"]
[BlackTeam "Wuppertal Bahn"]
[WhiteTeamCountry "GER"]
[BlackTeamCountry "GER"]

1. Nf3 c5 2. c4 Nc6 3. g3 e5 4. Nc3 g6 5. Bg2 Bg7 6. 0-0 Nge7 7. Ne1 d6 8. Nc2 Be6 9. Ne3 0-0 10. d3 a6 11. Ned5 Rb8 12. a4 1/2-1/2

[Event "NRW Class1 1415"]
[Site "Germany"]
[Date "2015.02.08"]
[Round "6.6"]
[White "Bruchmann, Norbert"]
[Black "Seepe, Udo"]
[Result "1/2-1/2"]
[WhiteElo "2078"]
[BlackElo "2053"]
[PlyCount "61"]
[EventDate "2014.09.14"]
[EventType "team-tourn"]
[EventRounds "9"]
[EventCountry "GER"]
[SourceTitle "EXT 2017"]
[Source "ChessBase"]
[SourceDate "2016.10.25"]
[SourceVersion "1"]
[SourceVersionDate "2016.10.25"]
[SourceQuality "1"]
[WhiteTeam "Ennepe Ruhr Sued"]
[BlackTeam "Kamen"]
[WhiteTeamCountry "GER"]
[BlackTeamCountry "GER"]

1. e4 c5 2. Nc3 g6 3. f4 Bg7 4. Nf3 Nc6 5. Bb5 Nd4 6. 0-0 Nxb5 7. Nxb5 d5 8. e5 a6 9. Nc3 Bg4 10. d4 cxd4 11. Qxd4 e6 12. Qb4 Qc7 13. Be3 Bxf3 14. Rxf3 Ne7 15. Bc5 Bf8 16. Qb3 Rc8 17. Bd6 Nf5 18. Qa4+ Qc6 19. Qxc6+ Rxc6 20. Bxf8 Rxf8 21. Rd1 h5 22. g3 Ke7 23. h3 h4 24. g4 Ng3 25. Rd2 b5 26. a3 Rg8 27. Rfd3 Rgc8 28. Kg2 Rc4 29. Rd4 Kf8 30. Kf3 Ke7 31. Kg2 1/2-1/2

[Event "Ruhrgebiet Regionalliga 1314"]
[Site "Ruhrgebiet"]
[Date "2013.11.10"]
[Round "3.7"]
[White "Simanowski, Mio"]
[Black "Seepe, Udo"]
[Result "1/2-1/2"]
[WhiteElo "1941"]
[BlackElo "2058"]
[PlyCount "32"]
[EventDate "2013.09.22"]
[EventType "team-tourn"]
[EventRounds "9"]
[EventCountry "GER"]
[SourceTitle "EXT 2024"]
[Source "ChessBase"]
[SourceDate "2023.10.10"]
[SourceVersion "1"]
[SourceVersionDate "2023.10.10"]
[SourceQuality "1"]
[WhiteTeam "Muelheim Nord III"]
[BlackTeam "Kamen"]
[WhiteTeamCountry "GER"]
[BlackTeamCountry "GER"]

1. e4 c5 2. Nf3 e6 3. d4 cxd4 4. Nxd4 Nf6 5. Nc3 Bb4 6. Bd3 Nc6 7. Nf3 d5 8. exd5 Nxd5 9. Bd2 Nxc3 10. Bxc3 Bxc3+ 11. bxc3 Qa5 12. Qd2 0-0 13. 0-0 b6 14. Be4 Qc5 15. Rad1 Ba6 16. Rfe1 Rad8 1/2-1/2

[Event "Ruhrgebiet Regionalliga 1213"]
[Site "Nordrheinwestfalen"]
[Date "2013.03.17"]
[Round "7.3"]
[White "Seepe, Udo"]
[Black "Guempges, Peter"]
[Result "1/2-1/2"]
[WhiteElo "2110"]
[BlackElo "2113"]
[PlyCount "25"]
[EventDate "2012.09.09"]
[EventType "team-tourn"]
[EventRounds "9"]
[EventCountry "GER"]
[SourceTitle "EXT 2020"]
[Source "ChessBase"]
[SourceDate "2019.10.17"]
[SourceVersion "1"]
[SourceVersionDate "2019.10.17"]
[SourceQuality "1"]
[WhiteTeam "Kamen SV"]
[BlackTeam "Weisse Dame Borbeck"]
[WhiteTeamCountry "GER"]
[BlackTeamCountry "GER"]

1. Nf3 c5 2. c4 Nf6 3. Nc3 e6 4. g3 b6 5. Bg2 Bb7 6. 0-0 Be7 7. d4 cxd4 8. Qxd4 d6 9. Ng5 Nc6 10. Qd2 a6 11. Rd1 Qc7 12. b3 Rd8 13. Ba3 1/2-1/2

[Event "Ruhrgebiet Regionalliga 1213"]
[Site "Nordrheinwestfalen"]
[Date "2013.01.27"]
[Round "5.3"]
[White "Seepe, Udo"]
[Black "Pruess, Wilfried"]
[Result "1/2-1/2"]
[WhiteElo "2110"]
[BlackElo "2102"]
[PlyCount "21"]
[EventDate "2012.09.09"]
[EventType "team-tourn"]
[EventRounds "9"]
[EventCountry "GER"]
[SourceTitle "EXT 2020"]
[Source "ChessBase"]
[SourceDate "2019.10.17"]
[SourceVersion "1"]
[SourceVersionDate "2019.10.17"]
[SourceQuality "1"]
[WhiteTeam "Kamen SV"]
[BlackTeam "Koenigsspringer Hamm"]
[WhiteTeamCountry "GER"]
[BlackTeamCountry "GER"]

1. Nf3 Nf6 2. c4 d5 3. d4 c6 4. cxd5 cxd5 5. Nc3 Nc6 6. Bf4 e6 7. e3 Bd6 8. Bxd6 Qxd6 9. Be2 0-0 10. 0-0 b6 11. a3 1/2-1/2

[Event "Ruhrgebiet Regionalliga 1213"]
[Site "Nordrheinwestfalen"]
[Date "2012.12.09"]
[Round "4.3"]
[White "Steinle, Carsten"]
[Black "Seepe, Udo"]
[Result "1/2-1/2"]
[WhiteElo "2159"]
[BlackElo "2110"]
[PlyCount "65"]
[EventDate "2012.09.09"]
[EventType "team-tourn"]
[EventRounds "9"]
[EventCountry "GER"]
[SourceTitle "EXT 2020"]
[Source "ChessBase"]
[SourceDate "2019.10.17"]
[SourceVersion "1"]
[SourceVersionDate "2019.10.17"]
[SourceQuality "1"]
[WhiteTeam "Ahlen SV"]
[BlackTeam "Kamen SV"]
[WhiteTeamCountry "GER"]
[BlackTeamCountry "GER"]

1. d4 d5 2. Nf3 Nf6 3. c3 g6 4. Bf4 Bg7 5. h3 0-0 6. Nbd2 b6 7. e3 c5 8. Bd3 Bb7 9. 0-0 Nc6 10. Ne5 Nd7 11. Nxc6 Bxc6 12. Nf3 Re8 13. Ne5 Nxe5 14. Bxe5 f6 15. Bg3 e5 16. Qc2 Qd7 17. Rfd1 Rac8 18. Be2 cxd4 19. exd4 e4 20. Qd2 Bb5 21. Re1 Bxe2 22. Rxe2 f5 23. Bf4 b5 24. g3 a5 25. h4 Bf8 26. a3 Bd6 27. Kg2 h5 28. Rae1 Kh7 29. f3 exf3+ 30. Kxf3 Re4 31. Rxe4 fxe4+ 32. Kg2 Rf8 33. Rf1 1/2-1/2

[Event "Ruhrgebiet Regionalliga 1213"]
[Site "Nordrheinwestfalen"]
[Date "2012.11.04"]
[Round "3.2"]
[White "Bee, Marcus"]
[Black "Seepe, Udo"]
[Result "1/2-1/2"]
[WhiteElo "2202"]
[BlackElo "2110"]
[PlyCount "24"]
[EventDate "2012.09.09"]
[EventType "team-tourn"]
[EventRounds "9"]
[EventCountry "GER"]
[SourceTitle "EXT 2020"]
[Source "ChessBase"]
[SourceDate "2019.10.17"]
[SourceVersion "1"]
[SourceVersionDate "2019.10.17"]
[SourceQuality "1"]
[WhiteTeam "Holsterhausen SK"]
[BlackTeam "Kamen SV"]
[WhiteTeamCountry "GER"]
[BlackTeamCountry "GER"]

1. Nf3 d5 2. c4 c6 3. g3 Nf6 4. Bg2 g6 5. 0-0 Bg7 6. d4 0-0 7. Qb3 dxc4 8. Qxc4 Be6 9. Qd3 Bf5 10. Qb3 Qb6 11. Qxb6 axb6 12. Nc3 Ne4 1/2-1/2

[Event "Ruhrgebiet Regionalliga 1213"]
[Site "Nordrheinwestfalen"]
[Date "2012.09.09"]
[Round "1.3"]
[White "Seepe, Udo"]
[Black "Luft, Dennis"]
[Result "1/2-1/2"]
[WhiteElo "2110"]
[BlackElo "2095"]
[PlyCount "25"]
[EventDate "2012.09.09"]
[EventType "team-tourn"]
[EventRounds "9"]
[EventCountry "GER"]
[SourceTitle "EXT 2020"]
[Source "ChessBase"]
[SourceDate "2019.10.17"]
[SourceVersion "1"]
[SourceVersionDate "2019.10.17"]
[SourceQuality "1"]
[WhiteTeam "Kamen SV"]
[BlackTeam "Brackel SF"]
[WhiteTeamCountry "GER"]
[BlackTeamCountry "GER"]

1. c4 Nf6 2. Nf3 c6 3. Nc3 d5 4. cxd5 cxd5 5. d4 Nc6 6. Bf4 Qb6 7. Na4 Qb4+ 8. Bd2 Qd6 9. e3 Ne4 10. a3 g6 11. Be2 Bg7 12. 0-0 0-0 13. Rc1 1/2-1/2

[Event "Ruhrgebiet Regionalliga 1112"]
[Site "Nordrheinwestfalen"]
[Date "2012.05.06"]
[Round "9.5"]
[White "Seepe, Udo"]
[Black "Bobzin, Pierre David"]
[Result "1/2-1/2"]
[WhiteElo "2138"]
[BlackElo "2034"]
[PlyCount "23"]
[EventDate "2011.09.25"]
[EventType "team-tourn"]
[EventRounds "9"]
[EventCountry "GER"]
[SourceTitle "EXT 2020"]
[Source "ChessBase"]
[SourceDate "2019.10.17"]
[SourceVersion "1"]
[SourceVersionDate "2019.10.17"]
[SourceQuality "1"]
[WhiteTeam "Kamen SV"]
[BlackTeam "Holsterhausen SK"]
[WhiteTeamCountry "GER"]
[BlackTeamCountry "GER"]

1. c4 e5 2. g3 d6 3. Bg2 g6 4. Nc3 Bg7 5. d3 Nf6 6. Nf3 Nbd7 7. 0-0 0-0 8. Ne1 a5 9. Rb1 Nc5 10. Nc2 c6 11. b3 Re8 12. e4 1/2-1/2

[Event "Ruhrgebiet Regionalliga 1011"]
[Site "Nordrheinwestfalen"]
[Date "2011.02.13"]
[Round "6.5"]
[White "Weimer, Eduard"]
[Black "Seepe, Udo"]
[Result "0-1"]
[WhiteElo "2024"]
[BlackElo "2160"]
[PlyCount "86"]
[EventDate "2010.09.19"]
[EventType "team-tourn"]
[EventRounds "9"]
[EventCountry "GER"]
[SourceTitle "EXT 2020"]
[Source "ChessBase"]
[SourceDate "2019.10.17"]
[SourceVersion "1"]
[SourceVersionDate "2019.10.17"]
[SourceQuality "1"]
[WhiteTeam "Koenigsspringer Hamm"]
[BlackTeam "Kamen SV"]
[WhiteTeamCountry "GER"]
[BlackTeamCountry "GER"]

1. e4 e6 2. c4 c5 3. Nc3 Nc6 4. Nf3 Nf6 5. d4 cxd4 6. Nxd4 Bb4 7. Nxc6 dxc6 8. Qc2 e5 9. Bd3 Nd7 10. a3 Nc5 11. Ke2 Ne6 12. Be3 Bc5 13. Bxc5 Nxc5 14. Rhd1 Qh4 15. h3 Ne6 16. Kf1 Nd4 17. Qb1 Bxh3 18. gxh3 Qxh3+ 19. Ke1 0-0-0 20. Be2 Qh1+ 21. Kd2 Nb3+ 22. Kc2 Rxd1 23. Qxd1 Nxa1+ 24. Kb1 Qxd1+ 25. Bxd1 h5 26. Kxa1 g6 27. Kb1 f5 28. Kc2 f4 29. Ne2 g5 30. Ng1 g4 31. Kd2 Rd8+ 32. Ke1 f3 33. Bxf3 gxf3 34. Nxf3 Re8 35. c5 Kd7 36. Nh4 Rg8 37. Nf5 Rg1+ 38. Ke2 Rg4 39. Kf3 Rf4+ 40. Ke3 h4 41. f3 Rxf5 42. exf5 Ke7 43. f4 h3 0-1

[Event "Ruhrgebiet Regionalliga 1011"]
[Site "Nordrheinwestfalen"]
[Date "2010.09.19"]
[Round "1.5"]
[White "Hufelschulte, Norbert"]
[Black "Seepe, Udo"]
[Result "1/2-1/2"]
[WhiteElo "2019"]
[BlackElo "2160"]
[PlyCount "26"]
[EventDate "2010.09.19"]
[EventType "team-tourn"]
[EventRounds "9"]
[EventCountry "GER"]
[SourceTitle "EXT 2020"]
[Source "ChessBase"]
[SourceDate "2019.10.17"]
[SourceVersion "1"]
[SourceVersionDate "2019.10.17"]
[SourceQuality "1"]
[WhiteTeam "Hamm SVg"]
[BlackTeam "Kamen SV"]
[WhiteTeamCountry "GER"]
[BlackTeamCountry "GER"]

1. d4 d5 2. c4 c6 3. Nf3 Nf6 4. Nc3 a6 5. c5 Bf5 6. Bf4 e6 7. e3 Nbd7 8. Nd2 Be7 9. Be2 h6 10. 0-0 0-0 11. h3 Re8 12. Bh2 Bf8 13. f4 Bh7 1/2-1/2

[Event "Ruhrgebiet Regionalliga 0910"]
[Site "Germany"]
[Date "2010.05.02"]
[Round "9.6"]
[White "Seepe, Udo"]
[Black "Brockmann, Fabian"]
[Result "1/2-1/2"]
[WhiteElo "2231"]
[BlackElo "2115"]
[PlyCount "35"]
[EventDate "2009.09.06"]
[EventType "team-tourn"]
[EventRounds "9"]
[EventCountry "GER"]
[SourceTitle "EXT 2011"]
[Source "ChessBase"]
[SourceDate "2010.11.26"]
[SourceVersion "1"]
[SourceVersionDate "2010.11.26"]
[SourceQuality "1"]
[WhiteTeam "Kamen"]
[BlackTeam "Dortmund Hansa III"]
[WhiteTeamCountry "GER"]
[BlackTeamCountry "GER"]

1. c4 e5 2. g3 g6 3. Nc3 Bg7 4. Bg2 Ne7 5. h4 h6 6. d3 d6 7. Bd2 Nbc6 8. Qc1 Nd4 9. b4 c6 10. e3 Ne6 11. Nge2 0-0 12. e4 Kh7 13. Rb1 Nc7 14. b5 d5 15. bxc6 bxc6 16. exd5 cxd5 17. cxd5 Ncxd5 18. Nxd5 1/2-1/2

[Event "Ruhrgebiet Regionalliga 0910"]
[Site "Germany"]
[Date "2009.11.08"]
[Round "3.6"]
[White "Seepe, Udo"]
[Black "Fink, Norbert"]
[Result "1/2-1/2"]
[WhiteElo "2231"]
[BlackElo "2120"]
[PlyCount "69"]
[EventDate "2009.09.06"]
[EventType "team-tourn"]
[EventRounds "9"]
[EventCountry "GER"]
[SourceTitle "EXT 2011"]
[Source "ChessBase"]
[SourceDate "2010.11.26"]
[SourceVersion "1"]
[SourceVersionDate "2010.11.26"]
[SourceQuality "1"]
[WhiteTeam "Kamen"]
[BlackTeam "Essen Ueberruhr"]
[WhiteTeamCountry "GER"]
[BlackTeamCountry "GER"]

1. c4 Nf6 2. g3 d5 3. cxd5 Nxd5 4. Bg2 c6 5. Nc3 g6 6. h4 h5 7. Nh3 Bg7 8. Qb3 Nb6 9. 0-0 N8d7 10. Ne4 Ne5 11. Neg5 0-0 12. d3 Nd5 13. d4 Ng4 14. Rd1 e6 15. e4 Ndf6 16. f3 Nh6 17. Be3 Re8 18. Nf4 Qe7 19. a4 Nd7 20. Rac1 a5 21. Bf2 Qb4 22. Qxb4 axb4 23. b3 Nb8 24. Nd3 Na6 25. Rc4 Rd8 26. Nxb4 b5 27. Nxc6 bxc4 28. Nxd8 cxb3 29. Nc6 Bd7 30. d5 Bf8 31. f4 Nc5 32. e5 exd5 33. Bxd5 Rxa4 34. Bxb3 Bxc6 35. Bxa4 1/2-1/2

[Event "Ruhrgebiet Regionalliga 0910"]
[Site "Germany"]
[Date "2009.09.27"]
[Round "2.4"]
[White "Bartel, Mario"]
[Black "Seepe, Udo"]
[Result "1/2-1/2"]
[WhiteElo "2143"]
[BlackElo "2231"]
[PlyCount "26"]
[EventDate "2009.09.06"]
[EventType "team-tourn"]
[EventRounds "9"]
[EventCountry "GER"]
[SourceTitle "EXT 2011"]
[Source "ChessBase"]
[SourceDate "2010.11.26"]
[SourceVersion "1"]
[SourceVersionDate "2010.11.26"]
[SourceQuality "1"]
[WhiteTeam "Wattenscheid III"]
[BlackTeam "Kamen"]
[WhiteTeamCountry "GER"]
[BlackTeamCountry "GER"]

1. e4 c5 2. Nf3 g6 3. d4 cxd4 4. Nxd4 Nf6 5. Nc3 Nc6 6. Be3 Bg7 7. Be2 0-0 8. 0-0 d5 9. exd5 Nxd5 10. Nxd5 Qxd5 11. Bf3 Qa5 12. Nxc6 bxc6 13. c3 Rb8 1/2-1/2

[Event "Ruhrgebiet Regionalliga 0708"]
[Site "Germany"]
[Date "2007.11.02"]
[Round "2.5"]
[White "Wagner, Norbert"]
[Black "Seepe, Udo"]
[Result "0-1"]
[WhiteElo "1952"]
[BlackElo "2235"]
[PlyCount "125"]
[EventDate "2007.09.16"]
[EventType "team"]
[EventRounds "9"]
[EventCountry "GER"]
[SourceTitle "EXT 2009"]
[Source "ChessBase"]
[SourceDate "2008.11.26"]
[SourceVersion "1"]
[SourceVersionDate "2008.11.26"]
[SourceQuality "1"]
[WhiteTeam "Hamm "]
[BlackTeam "Kamen"]
[WhiteTeamCountry "GER"]
[BlackTeamCountry "GER"]

1. d4 d5 2. c3 Bg4 3. Qb3 b6 4. Bf4 e6 5. e3 Bd6 6. Bg3 Nf6 7. Nd2 0-0 8. Ngf3 c5 9. Ne5 c4 10. Qc2 Bf5 11. Qd1 b5 12. a3 Qc7 13. Be2 Nfd7 14. a4 b4 15. cxb4 Nxe5 16. Bxe5 Bxe5 17. dxe5 Nc6 18. b5 Nxe5 19. 0-0 a6 20. bxa6 Rfb8 21. Ra2 Rxa6 22. b3 cxb3 23. Nxb3 Rab6 24. Nd2 Qc3 25. Qa1 Qxa1 26. Rfxa1 Bd3 27. a5 Ra6 28. Bxd3 Nxd3 29. Ra3 Ne5 30. Rc1 Kf8 31. f4 Nc6 32. Rac3 Nxa5 33. Ra1 Rba8 34. Rac1 R6a7 35. Kf2 Rb8 36. Rc8+ Rxc8 37. Rxc8+ Ke7 38. g4 Rb7 39. Rc2 h6 40. Kf3 Nb3 41. Nxb3 Rxb3 42. Kf2 g5 43. Rc8 Rb2+ 44. Kg3 Re2 45. Rc3 gxf4+ 46. exf4 d4 47. Rd3 Re4 48. Kf3 f5 49. gxf5 exf5 50. Ra3 Ke6 51. Ra6+ Kd5 52. Ra5+ Kc4 53. Rxf5 Re3+ 54. Kf2 Rh3 55. Kg2 d3 56. Kxh3 d2 57. Rh5 d1Q 58. Rxh6 Qf3+ 59. Kh4 Qxf4+ 60. Kh5 Qxh2+ 61. Kg5 Qd2+ 62. Kg6 Kd5 63. Rh5+ 0-1

[Event "Ruhrgebiet Regionalliga 0405"]
[Site "Ruhrgebiet"]
[Date "2005.01.16"]
[Round "5.5"]
[White "Waldschmidt, Georg"]
[Black "Seepe, Udo"]
[Result "0-1"]
[WhiteElo "2111"]
[BlackElo "2143"]
[PlyCount "82"]
[EventDate "2004.09.19"]
[EventType "team"]
[EventRounds "9"]
[EventCountry "GER"]
[SourceTitle "EXT 2006"]
[Source "ChessBase"]
[SourceDate "2005.11.24"]
[SourceVersion "1"]
[SourceVersionDate "2005.11.24"]
[SourceQuality "1"]
[WhiteTeam "Herne Sodingen"]
[BlackTeam "Kamen"]
[WhiteTeamCountry "GER"]
[BlackTeamCountry "GER"]

1. e4 e6 2. d4 d5 3. e5 c5 4. c3 b6 5. Nf3 Qd7 6. a4 Ba6 7. Bxa6 Nxa6 8. a5 b5 9. Be3 Rc8 10. 0-0 Ne7 11. Qe2 c4 12. Na3 Nc7 13. Nc2 Nc6 14. Nh4 Be7 15. Qg4 g6 16. Bh6 Qd8 17. Nf3 Bf8 18. Qf4 Bxh6 19. Qxh6 Kd7 20. Qf4 Qe7 21. Ne3 h5 22. a6 Rb8 23. b3 Rb6 24. bxc4 bxc4 25. Ng5 Rf8 26. Nh7 Rfb8 27. Nf6+ Kc8 28. Qf3 Ne8 29. Nexd5 exd5 30. Nxd5 Qd7 31. Nxb6+ Rxb6 32. Rfb1 Nc7 33. Rxb6 axb6 34. h3 Kb8 35. Qf6 Ka7 36. Qd6 Qxd6 37. exd6 Nxa6 38. Re1 Kb7 39. Re7+ Nxe7 40. dxe7 Nc7 41. Kf1 Kc6 0-1